000
00208nam a22000857a 4500
008
160625b xxu||||| |||| 00| 0 eng d
245
_a
NCERT
300
_a
Compendium of Educational Statistics
942
_2
ddc
_c
BK
_e
N.Y
999
_c
969
_d
969